Вып. 6 : Приобье Кулундинской степи; Материалы по геологии Западно-Сибирского края

Bibliographic Details
Parent link:Материалы по геологии Западно-Сибирского края=Records of the geology of the west Siberian region/ Западно-Сибирский геологоразведочный трест. Вып. 6 : Приобье Кулундинской степи.— , 1933-1937
Main Author: Православлев П. А.
Other Authors: Усов М. А. Михаил Антонович (редактор)
Language:Russian
English
Published: 1933
Subjects:
Format: Book
KOHA link:https://koha.lib.tpu.ru/cgi-bin/koha/opac-detail.pl?biblionumber=203013

MARC

LEADER 00000nam2a2200000 4500
001 203013
005 20231101225126.0
035 |a (RuTPU)RU\TPU\book\221221 
035 |a RU\TPU\book\221214 
090 |a 203013 
100 |a 20111025d1933 k y0rusy50 ca 
101 0 |a rus  |a eng 
102 |a RU 
105 |a ab z 001zy 
200 0 |a Вып. 6 : Приобье Кулундинской степи  |f П. А. Православлев  |g отв. ред. М. А. Усов 
210 |d 1933 
215 |a 58 с.  |c ил., карты 
320 |a Библиогр. в конце ст. 
461 0 |0 (RuTPU)RU\TPU\book\221179  |t Материалы по геологии Западно-Сибирского края  |l Records of the geology of the west Siberian region  |f Западно-Сибирский геологоразведочный трест  |v Вып. 6 : Приобье Кулундинской степи  |d 1933-1937 
606 1 |a Геология  |y Западная Сибирь  |2 stltpush  |3 (RuTPU)RU\TPU\subj\70290  |9 84644 
610 1 |a орография 
610 1 |a стратиграфия 
610 1 |a осадочные отложения 
610 1 |a реки 
610 1 |a Приобье 
610 1 |a Кулундинская степь 
610 1 |a библиотека М. А. Усова 
675 |a 55(571.1)  |v 3 
700 1 |a Православлев  |b П. А. 
702 1 |a Усов  |b М. А.  |c российский геолог  |c профессор Томского технологического института  |f 1883-1939  |g Михаил Антонович  |2 stltpush  |3 (RuTPU)RU\TPU\pers\1941  |4 340 
801 1 |a RU  |b 63413507  |c 20111025 
801 2 |a RU  |b 63413507  |c 20221114  |g RCR 
942 |c BK